000 00557nam a2200217Ia 4500
003 0100
008 130303s9999 xx 000 0 und d
020 _a0869224387
040 _cARRUPELIB
050 _aBF1584.A53L34 1987
100 _aLagerwerf, Leny
245 _aWitchcraft, sorcery and spirit possession
245 _bpastoral responses in africa
260 _aGweru
260 _bMambo Press
260 _C1987
300 _a82p.
300 _b 22cm.
440 _aMambo Occasional papers: Missio-pastoral Series ; No. 19
942 0 0 _01
999 _c22575
_d22575